| 000 | 00672cam a22002173a 4500 | ||
|---|---|---|---|
| 001 | 45203 | ||
| 003 | PGUSA | ||
| 005 | 20140828084032.0 | ||
| 008 | 140324s2014||||xxu|||||s|||||000 | eng d | ||
| 040 |
_aPGUSA _beng |
||
| 042 | _adc | ||
| 100 | 1 |
_aCervantes Saavedra, Miguel de, _d1547-1616 |
|
| 245 | 1 | 0 |
_aÄlykkään ritarin Don Quijote de la Manchan elämänvaiheet _h[electronic resource] / _cMiguel de Cervantes Saavedra |
| 260 |
_bProject Gutenberg, _c2014 |
||
| 506 | _aPublic domain in the USA. | ||
| 516 | _aElectronic text | ||
| 700 | 1 | _aJoutsen, O. A. | |
| 830 | 0 |
_aProject Gutenberg _v45203 |
|
| 856 | 4 | 0 | _uhttp://www.gutenberg.org/ebooks/45203 |
| 942 | _cEB | ||
| 999 |
_c274454 _d274454 |
||